| 000 | 00513nam a2200169Ia 4500 | ||
|---|---|---|---|
| 005 | 20250508152523.0 | ||
| 008 | 008 250505s9999 xx 000 0 eng d | ||
| 037 | _aTextual | ||
| 040 |
_aFEDL _beng _cFEDL |
||
| 041 |
_aeng _2eng |
||
| 084 |
_a371.1, INT _qFEDL |
||
| 245 | 0 | _aTraining of technical and scientific staff | |
| 260 |
_aParis, France _bUnited Nations Educational, Scientific and Cultural Organization |
||
| 300 | _a300p. | ||
| 942 |
_cTEXL _h371.1, INT |
||
| 999 |
_c1336968 _d1336968 |
||